[Event "Polanica Zdroj op-E 56th"]
[Site "Polanica Zdroj"]
[Date "2020.08.19"]
[Round "5"]
[White "Walentynowicz, Marcin"]
[Black "Chowaniec, Artur"]
[Result "1/2-1/2"]
[WhiteElo "1392"]
[BlackElo "1530"]
[PlyCount "82"]
[EventDate "2020.08.15"]
[EventType "swiss"]
[EventRounds "9"]
[EventCountry "POL"]
[SourceTitle "CBM 198 Extra"]
[Source "ChessBase"]
[SourceDate "2020.11.30"]
[SourceVersion "1"]
[SourceVersionDate "2020.11.30"]
[SourceQuality "1"]

1. e4 c5 2. Nf3 d6 3. d4 cxd4 4. Nxd4 Nf6 5. Nc3 a6 6. Bg5 e6 7. f4 Qb6 8. Nb3 h6 9. Bxf6 gxf6 10. Qf3 Nc6 11. 0-0-0 h5 12. Kb1 Bd7 13. Nd2 0-0-0 14. Nc4 Qc7 15. f5 Ne5 16. Nxe5 fxe5 17. f6 h4 18. Be2 Re8 19. g3 Qd8 20. Bc4 Bc6 21. a4 Bh6 22. b4 Kc7 23. Qd3 Bf8 24. g4 Qxf6 25. b5 axb5 26. Nxb5+ Bxb5 27. Bxb5 Rc8 28. Rhf1 Qe7 29. Rf3 Bh6 30. Qc3+ Kb8 31. Qa5 Bf4 32. Qb4 Rhd8 33. h3 Rc5 34. Rfd3 Qc7 35. c4 b6 36. Qe1 Bg3 37. Qf1 d5 38. cxd5 exd5 39. Rxd5 Rdxd5 40. Rxd5 Rc2 41. Qd3 Rc3 1/2-1/2